02087cam a2200517 i 4500001001200000003000600012005001700018008004100035020001800076035002100094035002300115040003700138041001800175100002200193245022900215246006000444260004500504300003300549336002700582337005400609338002800663380001600691500005000707504002200757546004100779610004100820648001900861648001900880648001500899650002700914650002100941650002500962650007800987650007601065650007601141651004201217651004601259655002501305658004801330658001301378658002101391658003401412700002501446710003701471730006101508xx002423733NUKAT20260421132142.0120323s2011 pl a c |000 0 pol c a9788360016220 a(OCoLC)804670797 a(NUKAT)xx002423733 aSZCZ M/HScSZCZ M/HSdPOZN U/EMs1 apolaenghpol1 aRaińska, Kinga.10aPolacy z Kresów Wschodnich na Warmii i Mazurach :bwprowadzenie do wystawy = Poles from the Eastern Borderlands in Warmia and Mazury : introduction to the exhibition /cKinga Raińska ; [tł. na jęz. ang. Jerzy Gozdek].31aPoles from the Eastern Borderlands in Warmia and Mazury aOlsztyn :bMuzeum Warmii i Mazur,c2011. a105, [1] s. :bil. ;c21 cm. aTekstbtxt2rdacontent aBez urządzenia pośredniczącegobn2rdamedia aWoluminbnc2rdacarrier aKsiążki aWystawa listopad 2011 r. - wrzesień 2012 r. aBibliogr. s. 105. aTekst pol. i równol. przekł. ang.27aMuzeum Warmii i Mazur (Olsztyn)2DBN 7a1901-20002DBN 7a1945-19892DBN 7a2001-2DBN 7aFotografia polska2DBN 7aLudność2DBN 7aTargi i wystawy2DBN 7aPolacyzKresy Wschodniexprzesiedleniey1945-1970vkatalogi wystaw.2kaba 7aRepatriacjazPolskazMazury (region)y1945-1970vkatalogi wystaw.2kaba 7aRepatriacjazPolskazWarmia (region)y1945-1970vkatalogi wystaw.2kaba 7aKresy wschodnie Rzeczypospolitej2DBN 7aOlsztyn (woj. warmińsko-mazurskie)2DBN 7aKatalog wystawy2DBN aBibliotekarstwo, archiwistyka, muzealnictwo aHistoria aKultura i sztuka aSocjologia i społeczeństwo1 aGozdek, Jerzy.eTł.2 aMuzeum Warmii i Mazur (Olsztyn).0 aKatalog wystawy (Muzeum Warmii i Mazur ; Olsztyn ; 2011)